000 00517nam a2200193Ia 4500
005 20250326123843.0
008 250326s9999 xx 000 0 und d
037 _aTextbook
040 _aFMSL
_beng
_cFMSL
041 _aeng
_2eng
084 _aS(T:51) L0
_qFMSL
100 _aCronbach L J
245 0 _aEssentials of psychological testing
_cCronbach L J
250 _a3
260 _aNY
_bNY, Harper International
_c1970
300 _a752p
942 _cTB
_hS(T:51) L0
999 _c1271212
_d1271212